<?xml version="1.0" encoding="UTF-8"?><?xml-stylesheet type="text/xsl" href="static/style.xsl"?><OAI-PMH xmlns="http://www.openarchives.org/OAI/2.0/" xmlns:xsi="http://www.w3.org/2001/XMLSchema-instance" xsi:schemaLocation="http://www.openarchives.org/OAI/2.0/ http://www.openarchives.org/OAI/2.0/OAI-PMH.xsd"><responseDate>2026-06-04T19:54:34Z</responseDate><request verb="GetRecord" identifier="oai:riuma.uma.es:10630/45130" metadataPrefix="marc">https://riuma.uma.es/rest/oai/request</request><GetRecord><record><header><identifier>oai:riuma.uma.es:10630/45130</identifier><datestamp>2026-04-10T08:36:22Z</datestamp><setSpec>com_10630_2254</setSpec><setSpec>col_10630_37953</setSpec></header><metadata><record xmlns="http://www.loc.gov/MARC21/slim" xmlns:dcterms="http://purl.org/dc/terms/" xmlns:doc="http://www.lyncode.com/xoai" xmlns:xsi="http://www.w3.org/2001/XMLSchema-instance" xsi:schemaLocation="http://www.loc.gov/MARC21/slim http://www.loc.gov/standards/marcxml/schema/MARC21slim.xsd">
   <leader>00925njm 22002777a 4500</leader>
   <datafield ind2=" " ind1=" " tag="042">
      <subfield code="a">dc</subfield>
   </datafield>
   <datafield ind2=" " ind1=" " tag="720">
      <subfield code="a">Vela-Corcia, David</subfield>
      <subfield code="e">author</subfield>
   </datafield>
   <datafield ind2=" " ind1=" " tag="720">
      <subfield code="a">De-Vicente-Moreno, Antonio</subfield>
      <subfield code="e">author</subfield>
   </datafield>
   <datafield ind2=" " ind1=" " tag="720">
      <subfield code="a">Pérez-García, Alejandro</subfield>
      <subfield code="e">author</subfield>
   </datafield>
   <datafield ind2=" " ind1=" " tag="720">
      <subfield code="a">Romero-Hinojosa, Diego Francisco</subfield>
      <subfield code="e">author</subfield>
   </datafield>
   <datafield ind2=" " ind1=" " tag="260">
      <subfield code="c">2026</subfield>
   </datafield>
   <datafield ind2=" " ind1=" " tag="520">
      <subfield code="a">β-Glucanases play a critical role in degrading fungal cell wall β-glucans, compromising fungal integrity and development. Here we characterize BvlzGluc, a novel β-glucanase from Bacillus velezensis CECT 8237 with potent and specific activity against β-1,3-glucans. The enzyme hydrolyzes yeast-derived β-glucan but is inactive against β-1,6- and β-1,3/1,4-linked polysaccharides, such as laminarin and lichenin, indicating strict substrate specificity. Mass spectrometry of Botrytis cinerea cell wall extracts revealed that BvlzGluc cleaves high-molecular-weight β-glucans into smaller oligosaccharides, supporting its classification as an endo-β-1,3-glucanase. Kinetic analysis yielded a Km of 48 μM and a Vmax of 0.026 μmol/min. Structural modeling showed a GH16 jelly roll fold lacking a classical catalytic groove, and site-directed mutagenesis of two predicted binding residues (Y36 and T216) confirmed their functional relevance. CD spectroscopy revealed that T216A disrupts folding, while Y36A retains structure but shows reduced activity. Despite its compact architecture and divergence from canonical motifs, BvlzGluc demonstrates efficient antifungal function. Its physicochemical simplicity and specificity make it a promising candidate for scalable production and targeted applications in crop protection. This work expands our understanding of bacterial glucanases and underscores the value of structurally minimal enzymes in biocontrol strategies.</subfield>
   </datafield>
   <datafield ind1="8" ind2=" " tag="024">
      <subfield code="a">D. Vela-Corcia, A. de Vicente, A. Pérez-García, D. Romero, Insight into novel biochemical features and function of novel antifungal GH16-β-glucanase from Bacillus velezensis, International Journal of Biological Macromolecules, Volume 340, Part 1, 2026, 150106, ISSN 0141-8130, https://doi.org/10.1016/j.ijbiomac.2026.150106.</subfield>
   </datafield>
   <datafield ind1="8" ind2=" " tag="024">
      <subfield code="a">https://hdl.handle.net/10630/45130</subfield>
   </datafield>
   <datafield ind1="8" ind2=" " tag="024">
      <subfield code="a">https://doi.org/10.1016/j.ijbiomac.2026.150106</subfield>
   </datafield>
   <datafield tag="653" ind2=" " ind1=" ">
      <subfield code="a">Celulasa</subfield>
   </datafield>
   <datafield tag="653" ind2=" " ind1=" ">
      <subfield code="a">Plantas - Enfermedades criptogámicas</subfield>
   </datafield>
   <datafield ind2="0" ind1="0" tag="245">
      <subfield code="a">Insight into novel biochemical features and function of novel antifungal GH16-β-glucanase from Bacillus velezensis</subfield>
   </datafield>
</record>
</metadata></record></GetRecord></OAI-PMH>